THE MRTYRDOM OF BHAGAT SINGH (Record no. 2169)
[ view plain ]
| 000 -LEADER | |
|---|---|
| fixed length control field | 00419nam a22001457a 4500 |
| 082 ## - DEWEY DECIMAL CLASSIFICATION NUMBER | |
| Classification number | 823 |
| Item number | VIJ/M |
| 100 ## - MAIN ENTRY--AUTHOR NAME | |
| Personal name | A DHARMENDRA PRESENTATION |
| 245 ## - TITLE STATEMENT | |
| Title | THE MRTYRDOM OF BHAGAT SINGH |
| Remainder of title | FREEDOM STRUGGLE STORY |
| 246 ## - VARYING FORM OF TITLE | |
| Title proper/short title | THE MRTYRDOM OF BHAGAT SINGH |
| Remainder of title | FREEDOM STRUGGLE STORY |
| 260 ## - PUBLICATION, DISTRIBUTION, ETC. (IMPRINT) | |
| Place of publication | MUMBAI |
| Name of publisher | EGMONT IMAGINATI0N |
| 300 ## - PHYSICAL DESCRIPTION | |
| Number of Pages | 34 |
| 520 ## - SUMMARY, ETC. | |
| Summary, etc | FREEDOM STRUGGLE STORY |
| 650 ## - SUBJECT ADDED ENTRY--TOPICAL TERM | |
| Topical Term | FREEDOM STRUGGLE STORY |
| 942 ## - ADDED ENTRY ELEMENTS (KOHA) | |
| Koha item type | Books |
| Withdrawn status | Lost status | Collection code | Home library | Current library | Shelving location | Date acquired | Source of acquisition | Cost, normal purchase price | Full call number | Accession Number | Koha item type |
|---|---|---|---|---|---|---|---|---|---|---|---|
| Fiction | Main Library | Main Library | SHELF 4-C HORRIBLE HISTORIES | 11/12/2019 | Purchase | 40.00 | 823 VIJ/M | 12243 | Books |